| 000 | 01027nam a22003377a 4500 | ||
|---|---|---|---|
| 001 | 0041302 | ||
| 003 | KOHA_MİRAKIL | ||
| 005 | 20260207003231.0 | ||
| 007 | ta | ||
| 008 | 130904b2010 tu a|||gr||||#||||0|tur | | ||
| 020 | _a9786053773382 | ||
| 040 |
_aTR-BiSEU _btur _cTR-BiSEU _erda |
||
| 041 | 0 | _atur | |
| 044 | _ctu | ||
| 050 |
_aTK1111 _b.Y33 2010 |
||
| 100 | 1 | _aYağımlı, Mustafa. | |
| 245 | 1 |
_aDoğru akım devreleri ve problem çözümleri/ _cMustafa Yağımlı ; Mustafa Yağımlı, Feyzi Akar. |
|
| 250 | _a6. Bası | ||
| 264 | 1 |
_aİstanbul : _bBeta _c2010 |
|
| 300 |
_a445 sayfa : _bşekil ; _c25 cm |
||
| 336 |
_ametin _btxt _2rdacontent |
||
| 337 |
_aaracısız _bn _2rdamedia |
||
| 338 |
_acilt _bnc _2rdacarrier |
||
| 490 | 1 |
_aBeta yayın no ; _v2315. |
|
| 490 | 1 |
_aTeknik dizisi ; _v143 |
|
| 500 | _aKaynakça var. | ||
| 650 | 0 |
_aElektrik devreleri--Problemler, alıştırmalar. _976628 |
|
| 830 | 1 |
_aBeta yayın no ; _v2315. _92735 |
|
| 830 | 1 |
_aTeknik dizisi ; _v143 _91559 |
|
| 942 |
_2lcc _cBK |
||
| 999 |
_c41158 _d41158 |
||